书目信息 |
| 题名: |
章学诚评传
|
|
| 作者: | 仓修良 , 叶建华 著 | |
| 分册: | 下 | |
| 出版信息: | 南京 南京大学出版社 2011.04 |
|
| 页数: | 256-492页 | |
| 开本: | 23cm | |
| 丛书名: | 中国思想家评传丛书 | |
| 单 册: | ||
| 中图分类: | B249.7 | |
| 科图分类: | ||
| 主题词: | ||
| 电子资源: | ||
| ISBN: | 978-7-305-06047-2 | |
| 000 | 01230nam 2200277 450 | |
| 001 | 012011520999 | |
| 005 | 20111205134936.50 | |
| 010 | @a978-7-305-06047-2@dCNY31.50 | |
| 100 | @a20111205d2011 em y0chiy0120 ea | |
| 101 | 0 | @achi |
| 102 | @aCN@b320000 | |
| 105 | @ac z 001yb | |
| 106 | @ar | |
| 200 | 1 | @a章学诚评传@Azhang xue cheng ping chuan@h下@f仓修良, 叶建华著@Fcang xiu liang,ye jian hua zhu |
| 210 | @a南京@c南京大学出版社@d2011.04 | |
| 215 | @a256-492页@c肖像@d23cm | |
| 225 | 2 | @a中国思想家评传丛书@Azhong guo si xiang jia ping chuan cong shu |
| 320 | @a有索引 | |
| 330 | @a本书系国内第一部全面系统地论述章学诚的生平事迹和学术思想成就的专著。全书共分11章,分别阐述了章学诚生活的时代背景、生平事迹和著述、社会政治思想、哲学思想、史学理论、方志学理论、校雠学理论、谱牒学理论、文学理论、教育思想以及与浙东学派的关系等等,并对章学诚在中国古代学术文化史上的地位和影响作出了实事求是的评价。本书资料翔实,论点有据,行文流畅,颇多精彩之处。 | |
| 410 | 0 | @12001 @a中国思想家评传丛书 |
| 600 | 0 | @a章学诚,@Azhang xue cheng,@f1738-1801@x评传 |
| 690 | @aB249.7@v4 | |
| 701 | 0 | @a仓修良@Acang xiu liang@4著 |
| 701 | 0 | @a叶建华@Aye jian hua@4著 |
| 801 | 0 | @aCN@bQSSK@c20111205 |
| 905 | @b795801@dB249.7@eZ269:2@f1 | |
| 章学诚评传.下/仓修良, 叶建华著.-南京:南京大学出版社,2011.04 |
| 256-492页:肖像;23cm.-(中国思想家评传丛书) |
| ISBN 978-7-305-06047-2:CNY31.50 |
| 本书系国内第一部全面系统地论述章学诚的生平事迹和学术思想成就的专著。全书共分11章,分别阐述了章学诚生活的时代背景、生平事迹和著述、社会政治思想、哲学思想、史学理论、方志学理论、校雠学理论、谱牒学理论、文学理论、教育思想以及与浙东学派的关系等等,并对章学诚在中国古代学术文化史上的地位和影响作出了实事求是的评价。本书资料翔实,论点有据,行文流畅,颇多精彩之处。 |
| ● |
| 相关链接 |
|
|
|
正题名:章学诚评传
索取号:B249.7/Z269:2
 
预约/预借
| 序号 | 登录号 | 条形码 | 馆藏地/架位号 | 状态 | 备注 |
| 1 | 795801 | 207958012 | 社科库509/509社科库 15排2列2层/ [索取号:B249.7/Z269:2] | 在馆 |